| 000 -LEADER |
| fixed length control field |
01765cam a22004694a 4500 |
| 001 - CONTROL NUMBER |
| control field |
15602917 |
| 005 - DATE AND TIME OF LATEST TRANSACTION |
| control field |
20160210093943.0 |
| 008 - FIXED-LENGTH DATA ELEMENTS--GENERAL INFORMATION |
| fixed length control field |
090127s2010 moua b 001 0 eng |
| 010 ## - LIBRARY OF CONGRESS CONTROL NUMBER |
| LC control number |
2009003577 |
| 016 7# - NATIONAL BIBLIOGRAPHIC AGENCY CONTROL NUMBER |
| Record control number |
101494633 |
| Source |
DNLM |
| 020 ## - INTERNATIONAL STANDARD BOOK NUMBER |
| International Standard Book Number |
9780323057011 (pbk. : alk. paper) |
| 020 ## - INTERNATIONAL STANDARD BOOK NUMBER |
| International Standard Book Number |
0323057012 (pbk. : alk. paper) |
| 035 ## - SYSTEM CONTROL NUMBER |
| System control number |
(OCoLC)ocn300397226 |
| 040 ## - CATALOGING SOURCE |
| Original cataloging agency |
DNLM/DLC |
| Transcribing agency |
DLC |
| Modifying agency |
BTCTA |
| -- |
YDXCP |
| -- |
NLM |
| -- |
C#P |
| -- |
CDX |
| -- |
DLC |
| 042 ## - AUTHENTICATION CODE |
| Authentication code |
pcc |
| 050 00 - LIBRARY OF CONGRESS CALL NUMBER |
| Classification number |
RC954 |
| Item number |
.G455 2010 |
| 082 00 - DEWEY DECIMAL CLASSIFICATION NUMBER |
| Classification number |
618.97/0231 |
| Edition number |
22 |
| 100 1# - MAIN ENTRY--PERSONAL NAME |
| Personal name |
Touhy, Theris A. |
| 245 10 - TITLE STATEMENT |
| Title |
Ebersole and Hess' gerontological nursing & healthy aging / |
| Statement of responsibility, etc. |
Theris A. Touhy, Kathleen F. Jett. |
| 246 30 - VARYING FORM OF TITLE |
| Title proper/short title |
Gerontological nursing & healthy aging |
| 246 3# - VARYING FORM OF TITLE |
| Title proper/short title |
Ebersole and Hess' gerontological nursing and healthy aging |
| 250 ## - EDITION STATEMENT |
| Edition statement |
3rd ed. |
| 260 ## - PUBLICATION, DISTRIBUTION, ETC. (IMPRINT) |
| Place of publication, distribution, etc. |
St. Louis, Mo. : |
| Name of publisher, distributor, etc. |
Mosby/Elsevier, |
| Date of publication, distribution, etc. |
c2010. |
| 300 ## - PHYSICAL DESCRIPTION |
| Extent |
x, 483 p. : |
| Other physical details |
ill. ; |
| Dimensions |
24 cm. |
| 500 ## - GENERAL NOTE |
| General note |
Rev. ed. of: Gerontological nursing & healthy aging / Priscilla Ebersole ... [et al.]. 2nd ed. c2005. |
| 504 ## - BIBLIOGRAPHY, ETC. NOTE |
| Bibliography, etc |
Includes bibliographical references and index. |
| 650 #0 - SUBJECT ADDED ENTRY--TOPICAL TERM |
| Topical term or geographic name as entry element |
Geriatric nursing. |
| 650 #0 - SUBJECT ADDED ENTRY--TOPICAL TERM |
| Topical term or geographic name as entry element |
Aging. |
| 650 #0 - SUBJECT ADDED ENTRY--TOPICAL TERM |
| Topical term or geographic name as entry element |
Older people |
| General subdivision |
Health and hygiene. |
| 650 12 - SUBJECT ADDED ENTRY--TOPICAL TERM |
| Topical term or geographic name as entry element |
Geriatric Nursing. |
| 650 22 - SUBJECT ADDED ENTRY--TOPICAL TERM |
| Topical term or geographic name as entry element |
Aged. |
| 650 22 - SUBJECT ADDED ENTRY--TOPICAL TERM |
| Topical term or geographic name as entry element |
Aging. |
| 650 22 - SUBJECT ADDED ENTRY--TOPICAL TERM |
| Topical term or geographic name as entry element |
Health Promotion. |
| 650 22 - SUBJECT ADDED ENTRY--TOPICAL TERM |
| Topical term or geographic name as entry element |
Holistic Nursing. |
| 700 1# - ADDED ENTRY--PERSONAL NAME |
| Personal name |
Jett, Kathleen Freudenberger. |
| 700 1# - ADDED ENTRY--PERSONAL NAME |
| Personal name |
Ebersole, Priscilla. |
| 700 1# - ADDED ENTRY--PERSONAL NAME |
| Personal name |
Hess, Patricia A., |
| Dates associated with a name |
1938- |
| 730 0# - ADDED ENTRY--UNIFORM TITLE |
| Uniform title |
Gerontological nursing & healthy aging. |
| 906 ## - LOCAL DATA ELEMENT F, LDF (RLIN) |
| a |
7 |
| b |
cbc |
| c |
orignew |
| d |
1 |
| e |
ecip |
| f |
20 |
| g |
y-gencatlg |
| 942 ## - ADDED ENTRY ELEMENTS (KOHA) |
| Source of classification or shelving scheme |
|
| Koha item type |
Hard Covered Materials |